000 00534nam a22001817a 4500
003 NUST
038 _aNusrat Nadeem
040 _cCentral Library
082 _aBICSE-6
100 _aMuhammad Faizan Khan, Muhammad Usman Habib
_991951
245 _aRadar Data Processing Unit
260 _aIslamabad,
_bNUST SEECS,
_c2012.
300 _a64,pages,
_bHB,
_c30,cm.
563 _aHB,
700 _aSupervisor : Dr. Muhammad Shahzad Younis
_991952
856 _u http://10.250.8.41:8080/xmlui/handle/123456789/10733
942 _2ddc
_cTHE
999 _c590065
_d590065